Quiz Cultura Generale - Quiz n°103 - Statistics

Statistiche generali
  • Questo quiz è stato fatto 132 volte
  • Il punteggio medio è 7 su 15
Statistiche sulle risposte
Domanda Risposta % Corretto
Chi ha dipinto la "Primavera" nel 1480? Sandro Botticelli
90%
Qual è la regione con più abitanti dopo la Lombardia? Lazio
88%
Oltre a incenso e mirra, cosa portarono i Re Magi in dono a Gesù? Oro
87%
Qual è il fiume più lungo che sfocia nel Mar Tirreno? Tevere
81%
Quanti satelliti naturali orbitano attorno a Mercurio? 0
70%
Chi è stato governatore della Banca d'Italia dal 2005 al 2011? Mario Draghi
68%
Il seme di quale re viene chiamato jolly o matta nel gioco del "Sette e mezzo"? Denari
63%
Quale elemento chimico ha come simbolo As? Arsenico
55%
Quale capitale è attraversata dall'equatore? Quito
39%
Qual è il videogioco più venduto di sempre? Tetris
29%
In quale organo del corpo umano si trovano le cellule alfa? Pancreas
24%
Quale città ha organizzato le Olimpiadi invernali del 2010? Vancouver
19%
Qual era l'acronimo dell'organizzazione armata terroristica basco-nazionalista indipendentista scioltasi nel 2018? ETA
13%
Quale colle separa le Alpi dagli Appennini? Colle di Cadibona
6%
Come si chiama il topolino amico di Dumbo presente nell'omonimo film? Timoteo
4%
Nessun quiz corrispondente trovato
Distribuzione punteggi
Percentuale di utenti per punteggio
Percentile per numero di risposta
I tuoi punteggi nel tempo
Non hai fatto questo quiz